000 00414nam a2200121Ia 4500
008 220620s9999||||xx |||||||||||||| ||und||
245 0 _aEtiology and Pathophysiology of Parkinson's Disease
546 _aEnglish[eng]
650 _aPhysiological & neuro-psychology, biopsychology
700 _aQayyum Rana, Abdul
856 _uhttps://mts.intechopen.com/storage/books/438/authors_book/authors_book.pdf
942 _cEB
999 _c27770
_d27770